00671cam a22002291a 450000100060000000300080000600500170001400800410003103500190007203500190009104000290011004100080013908200200014710000250016724500850019225000120027726000540028930000250034350400200036865000230038865000300041132954BD-RjUL20211209051924.0760726s1962 pk 000 0 eng  a(BD-RjUL)33044 a(OCoLC)2335972 aDLCcNcDaDdWUdDLCbeng aeng a301.4bSIO 19621 aSiddiqi, Amir Hasan.14aThe origins and development of Muslim institutions /cby Dr. Amir Hasan Siddiqi. a1st ed. aKarachi :bJamiyat-ul-Fallah Publications,c1962. a157 p. [9] ;c25 cm. aIncludes index. 0aIslamic sociology. 0aIslam and statexHistory.